MARC

LEADER 00000naa0a2200000 4500
001 658231
005 20250825153904.0
035 |a (RuTPU)RU\TPU\network\25572 
090 |a 658231 
100 |a 20180706d2018 k y0rusy50 ca 
101 0 |a rus 
102 |a RU 
135 |a drgn ---uucaa 
181 0 |a i  
182 0 |a b 
200 1 |a Разложение титансодержащего сырья фторидами аммония  |f А. А. Смороков, С. О. Закроев 
203 |a Текст  |c электронный 
225 1 |a Инновации в химии 
300 |a Заглавие с экрана 
320 |a [Библиогр.: 1 назв.] 
463 |t Ломоносов-2018  |o материалы XXV Международной научной конференции студентов, аспирантов и молодых ученых, 9-13 апреля, 2018 г., Москва  |f Московский государственный университет им. М. В. Ломоносова (МГУ)  |v [1 с.]  |d 2018 
610 1 |a электронный ресурс 
610 1 |a труды учёных ТПУ 
610 1 |a титан 
610 1 |a разложение 
610 1 |a фторид аммония 
700 1 |a Смороков  |b А. А.  |c химик-технолог  |c старший преподаватель, младший научный сотрудник Томского политехнического университета  |f 1993-  |g Андрей Аркадьевич  |3 (RuTPU)RU\TPU\pers\33847  |9 17436 
701 1 |a Закроев  |b С. О. 
712 0 2 |a Национальный исследовательский Томский политехнический университет  |b Инженерная школа ядерных технологий  |c (2017- )  |3 (RuTPU)RU\TPU\col\23380 
801 0 |a RU  |b 63413507  |c 20180706  |g RCR 
856 4 |u https://lomonosov-msu.ru/archive/Lomonosov_2018/data/13676/uid239931_7e9c32b278b9758ac0a08e48c177b778bfa5320d.doc 
942 |c CF